| 000 | 00812nas a2200277 4500 | ||
|---|---|---|---|
| 001 | BR2010001804 | ||
| 003 | BR-BrBNA | ||
| 005 | 20231205114211.0 | ||
| 007 | ta | ||
| 008 | 230509b bl.|||p| |||| 00| 00por d | ||
| 040 |
_aBR-BrBNA _bpor _cBiblioteca Nacional de Agricultura |
||
| 041 | _a(Pt) | ||
| 072 | _aF30; H20 | ||
| 100 | 1 | _aAssmann, A.P. | |
| 100 | 1 | _aCitadin, I. | |
| 100 | 1 | _aSantos, I. dos | |
| 100 | 1 | _aWagner Júnior, A. | |
| 245 | 1 | _aReação de genótipos de pessegueiro à ferrugem-da-folha | |
| 650 | _aPÊSSEGO | ||
| 650 | _aFERRUGEM | ||
| 650 | _aFOLHA | ||
| 650 | _aVARIEDADE RESISTENTE | ||
| 773 | 0 |
_tPesquisa Agropecária Brasileira (Brazil) _xISSN 0100-204X _g(Jan 2010), v. 45(1) p. 32-40 _wBR2010001804 |
|
| 909 |
_a202311 _bLúcia _c55 _dLúcia Elande |
||
| 942 |
_2AGRIS _n0 _cANA |
||
| 999 |
_c207568 _d207568 |
||